[Event "Washington Open Championship"]
[Site "SeaTac City, WA"]
[Date "2012.05.27"]
[Round "2"]
[White "Kiiru Joseph (WA)"]
[Black "Buck Stephen  (WA)"]
[Result "1-0"]
[WhiteElo "1443"]
[BlackElo "1500"]
[Annotator ""]
[Source ""]
[Remark "Premier"]

1.d4 d5 2.c4 c6 3.Nc3 Nf6 4.Nf3 e6 5.e3 Be7 6.Bd3 Nbd7 7.O-O
dxc4 8.Bxc4 b5 9.Bd3 a6 10.e4 c5 11.d5 Nb6 12.d6 Bf8
( 12...Bf8 13.Bxb5+ Nbd7 14.Bc6 Rb8 15.e5 Qb6 16.Qa4 Ng8 17.Be3
Qb4 18.Ng5 Nh6 19.a3 Qg4 20.Nge4 Ng8 21.h3 {1-0, Masumov Taryberdy (TKM) - Grkovic Vladan (SCG) 2187, Gurzuf (Ukraine) 2000}
) 13.e5 Nfd5 14.Ne4 h6 15.Nxc5 g6 16.Nd4 Bg7 17.Nc6 Qh4 18.g3
Qh3 19.Re1 Nd7 20.Re4 g5 21.Nxd7 Bxd7 22.Nd4 f5 23.Bf1 Qxf1+
24.Kxf1 fxe4 25.Qh5+ Kf8 26.Qg6 Bxe5 27.Nxe6+ 1-0

[Event "Washington Open Championship"]
[Site "SeaTac City, WA"]
[Date "2012.05.26"]
[Round "1"]
[White "Ramesh Jothi  (WA)"]
[Black "Varner Murlin  (WA)"]
[Result "1-0"]
[WhiteElo "1495"]
[BlackElo "1500"]
[Annotator ""]
[Source ""]
[Remark "Reserve"]

1.f4 d5 2.e3 Nf6 3.Be2 e6 ( 3...g6 ) 4.b3 {%08DA} Be7 5.Bb2 O-O
6.Nf3 Nbd7 7.O-O b6 8.Ne5 c5 9.c4 Bb7 10.g4 Nxe5 {%02$15/$17}
11.Bxe5 Nd7 12.Bb2 Bf6 13.d4 h6 14.Nd2 cxd4 15.Bxd4 Bxd4 16.exd4
Nf6 17.g5 hxg5 18.fxg5 Nh7 19.Rf4 Nxg5 ( 19...Qxg5+ 20.Rg4 Qe3+
21.Kg2 ) 20.Rg4 dxc4 21.h4 Nh3+ 22.Kh2 Nf2 23.Rxg7+ Kxg7 {?}
( 23...Kh8 24.Qe1 Qxh4+ 25.Kg1 Rg8 $19 ) 24.Qg1+ Kh6
( 24...Kh8 ) 25.Qxf2 Qd6+ 26.Kh3 f5 27.Nxc4 Qd5 28.Ne5 Rad8 29.Qf4+
Kh7 30.Bf3 Qa5 {??} ( 30...Qxd4 31.Qxd4 Rxd4 32.Bxb7 {%02$14/$16} )
31.Qg5 Bxf3 32.Qg6+ Kh8 33.Qh6+ Kg8 34.Qg6+ Kh8 35.Nxf3 Qc3
( 35...Rxd4 ) 36.Qh6+ Kg8 37.Rg1+ Kf7 38.Rg7+ 1-0

[Event "Washington Open Championship"]
[Site "SeaTac City, WA"]
[Date "2012.05.26"]
[Round "1"]
[White "Fagundes Frank  (WA)"]
[Black "Harrison Drayton  (WA)"]
[Result "1-0"]
[WhiteElo "1763"]
[BlackElo "1973"]
[Annotator ""]
[Source ""]
[Remark "Premier"]

1.d4 Nf6 2.c4 d6 3.Nc3 e5 4.dxe5 dxe5 5.Qxd8+ Kxd8 6.Bg5 Nbd7
7.O-O-O c6 8.Nf3 Kc7 9.e3 Ng4 10.Bh4 f6 11.h3 Nh6 ( 11...Nh6
12.g4 a5 13.g5 Nf5 14.gxf6 Nxf6 15.Bxf6 gxf6 16.Ne4 Be7 17.h4
Nd6 18.Nxd6 Bxd6 19.Rg1 Re8 20.Nd2 Bf5 21.Be2 Rg8 22.Bf3 Be6
23.Ne4 Be7 24.Be2 h6 25.h5 f5 26.Ng3 Bc5 27.Bd3 e4 28.Bc2 Rg5
29.b3 Rag8 30.Ne2 Bf7 31.Rxg5 Rxg5 32.Nf4 Bd6 33.Ng6 Rxh5 34.Nf4
Rh2 35.Rg1 Kd8 36.Ng2 Ke7 37.Bd1 Bh5 38.Bxh5 Rxh5 39.Kd1 Rg5
40.Ke2 Bh2 41.Rh1 Rxg2 42.Kf1 Rg1+ 43.Rxg1 Bxg1 44.Kxg1 Kf6 45.Kg2
Kg5 46.Kg3 h5 47.f4+ exf3 48.Kxf3 c5 49.e4 fxe4+ 50.Kxe4 h4 {0-1, Nussbaecher Andreas (GER) 2159 - Oechslein Rainer (GER) 2235, Germany 1999}
) 12.Bd3 a5 13.Bg3 Nc5 14.Bc2 Be6 15.b3 Nf7 16.Nd4 Bc8 17.Rd2
Nd6 18.Nde2 a4 19.b4 Nxc4 {?} ( 19...Na6 {=} ) 20.Rd4 Na6
( 20...b5 21.bxc5 Bxc5 ) 21.Rxc4 1-0

[Event "Washington Open Championship"]
[Site "SeaTac City, WA"]
[Date "2012.05.26"]
[Round "1"]
[White "Shook Stephan  (WA)"]
[Black "Cohen David S  (OR)"]
[Result "0-1"]
[WhiteElo "1521"]
[BlackElo "1321"]
[Annotator ""]
[Source ""]
[Remark "Reserve"]

1.d4 Nf6 2.e3 e6 3.Bd3 c5 4.c3 Qc7 5.f4 c4 6.Bc2 d6 7.Nf3 Be7
8.O-O Nbd7 9.Nbd2 b5 10.a3 Bb7 11.Qe1 O-O-O 12.Ng5 Rdf8 13.b3
h6 14.Nge4 Nd5 15.bxc4 bxc4 16.Qe2 f5 17.Nf2 Nxc3 18.Qxc4 Qxc4
19.Nxc4 g5 20.Re1 gxf4 21.exf4 Rf6 22.Bd2 Nd5 23.Bd3 Rg8 24.g3
Kd8 25.Rac1 Ke8 26.Na5 Ba8 27.Rc8+ Kf7 28.Rec1 Rfg6 29.Rxg8 Rxg8
30.Nc6 Bf6 31.Rc4 N7b6 32.Rc2 Rc8 33.Nxa7 Rxc2 34.Bxc2 Bxd4 35.Nb5
Bc5 36.a4 Nc4 37.Bc1 Nce3 38.Bxe3 Nxe3 39.Nc7 Bc6 40.Bb3 d5 {?!}
41.Nd3 Bd6 42.Ne5+ Bxe5 43.fxe5 Ng4 44.a5 Nxe5 45.a6 Nd7 46.a7
Nb6 47.Na6 Bb7 48.Nc5 Ba8 49.Ba4 Nc8 50.Bc6 Bxc6 0-1

[Event "Washington Open Championship"]
[Site "SeaTac City, WA"]
[Date "2012.05.26"]
[Round "1"]
[White "Kelley Dereque  (WA)"]
[Black "Esler Brian  (OR)"]
[Result "0-1"]
[WhiteElo "2273"]
[BlackElo "2006"]
[Annotator ""]
[Source ""]
[Remark "Open"]

1.d4 Nf6 2.c4 g6 3.Nc3 Bg7 4.e4 d6 5.Nf3 O-O 6.Be2 e5 7.O-O Nc6
8.d5 Ne7 9.Ne1 Ne8 10.Be3 f5 11.f3 f4 12.Bf2 g5 13.c5 h5 14.Rc1
Ng6 15.cxd6 cxd6 16.a4 Rf7 17.a5 Qxa5 18.Qb3 g4 19.Nb5 {?!} Qd8
20.fxg4 hxg4 21.Nxa7 f3 22.Bb6 Qh4 23.g3 {?} Qh3 24.Rxc8 {??}
Rxc8 ( 24...fxe2 25.Rxf7 Kxf7 26.Kh1 Qf1+ ) 25.Nxc8 fxe2 26.Rxf7
Kxf7 27.Ng2 Nf4 0-1

[Event "Washington Open Championship"]
[Site "SeaTac City, WA"]
[Date "2012.05.26"]
[Round "2"]
[White "Varner Murlin  (WA)"]
[Black "Taylor Thomas  (WA)"]
[Result "1/2-1/2"]
[WhiteElo "1682"]
[BlackElo "1407"]
[Annotator ""]
[Source ""]
[Remark "Reserve"]

1.c4 e6 2.Nc3 c5 3.g3 Nf6 4.Bg2 Nc6 5.Nf3 Be7 6.O-O O-O 7.e4
e5 8.d3 ( 8.b3 a6 9.Re1 Bd6 10.d3 Nd4 11.Nh4 Be7 12.Bd2 d6 13.h3
g6 14.Bf1 Bd7 15.Kh2 Ne8 16.Nf3 Bf6 17.Nd5 Nxf3+ 18.Qxf3 Bg7
19.Ne3 Qf6 20.Qe2 Qd8 21.Bg2 Rb8 22.Rf1 Nc7 23.Ba5 b6 24.Bc3
b5 25.Ba5 Qc8 26.Bxc7 Qxc7 27.Nd5 Qd8 28.Rad1 a5 29.Qd2 b4 30.Qe3
Ra8 31.Ra1 Ra7 32.Kg1 Kh8 33.Kh2 f5 34.exf5 Bxf5 35.Be4 Raf7
36.f3 Rg8 37.Kg2 Rgf8 38.a4 Rb7 39.g4 Bxe4 40.dxe4 Qh4 41.Qf2
Qxf2+ 42.Rxf2 Bh6 43.Rd1 Bg5 44.Rd3 Bh4 45.Rf1 Kg7 46.f4 exf4
47.Nxf4 Rf6 48.Rdf3 Re7 49.Re3 Rxf4 50.Rxf4 Bg5 51.Kg3 Bxf4+
52.Kxf4 Rf7+ 53.Kg3 Rf6 54.Rd3 g5 55.Rd5 h6 56.e5 dxe5 57.Rxe5
Rc6 58.Kf3 Kf6 59.Ke4 Re6 60.Rxe6+ Kxe6 {1/2-1/2, Markov Jurij (RUS) 2205 - Paupoo V, Dubai (United Arab Emirates) 1986}
) d6 9.a3 Bd7 10.Qc2 Qc8 11.Nd5 Nxd5 12.cxd5 Nd4 13.Nxd4 cxd4
14.Qxc8 Raxc8 15.h4 Bb5 16.Rd1 Rc7 17.a4 Bd7 18.Bd2 f5 19.b3
f4 20.Rac1 Rfc8 21.Rxc7 Rxc7 22.Rc1 Rxc1+ 23.Bxc1 fxg3 24.fxg3
h6 25.Kh2 Kf7 26.Bh3 Bxh3 27.Kxh3 a6 28.g4 b5 29.axb5 axb5 30.Ba3
Kf6 31.Bc1 Bd8 32.g5+ Kg6 33.gxh6 gxh6 34.Ba3 Be7 35.Kg4 h5+
36.Kg3 Kf6 37.Bb4 Kg6 38.Be1 Kf7 39.Kf3 Bd8 40.Ke2 Bb6 41.Bb4
Ke7 42.Kd2 Kd7 43.Kc2 Bd8 44.Be1 Bb6 45.Kb2 Bc5 46.Bd2 Kc7 47.Be1
Kd7 48.Bd2 Kc7 49.Bg5 Kd7 50.Bd2 1/2-1/2

[Event "Washington Open Championship"]
[Site "SeaTac City, WA"]
[Date "2012.05.26"]
[Round "1"]
[White "He Daniel  (WA)"]
[Black "Sinanan Joshua  (WA)"]
[Result "0-1"]
[WhiteElo "1950"]
[BlackElo "2288"]
[Annotator ""]
[Source ""]
[Remark "Open"]

1.e4 c5 2.Nf3 e6 3.d3 d5 4.Nbd2 Nc6 5.g3 Bd6 6.Bg2 Nge7 7.O-O
O-O 8.a4 Bc7 9.c3 d4 10.Qe2 e5 11.c4 Ng6 12.Nb3 Bd6 13.Ng5 Be7
14.Qh5 Bxg5 15.Bxg5 Qb6 16.Ra3 Nb4 17.Qe2 a5 18.h4 h6 19.Bc1
Re8 20.h5 Nf8 21.f4 exf4 22.gxf4 f5 23.Nd2 Qf6 24.e5 Qf7 25.Nb3
Qc7 26.Bd2 Bd7 27.Be1 Bc6 28.Bh3 Bd7 29.Bh4 b6 30.Nc1 Be6 31.Kh2
Qf7 32.Rg1 Kh7 33.Ra1 Bd7 34.b3 Ne6 35.Bg3 Bc6 36.Na2 Rf8 37.Bg2
Bxg2 38.Rxg2 Qb7 39.Rag1 Rg8 40.Nc1 Raf8 41.Qf2 g6 42.hxg6+ Rxg6
43.Bh4 Rfg8 44.Rxg6 Rxg6 45.Rxg6 Kxg6 46.Bf6 Kh7 47.Qe2 Qf7 48.Qf3
Nc2 49.Ne2 Ne3 50.Bh4 Nf8 51.Bg3 Kg8 52.Kg1 Qg6 53.Kf2 Qg4 54.Qxg4+
{?} fxg4 55.Bh4 Ne6 56.Bf6 Kf7 57.Kg3 h5 58.Kh4 Kg6 59.Kg3 Nf5+
60.Kg2 h4 61.Kh2 Kh5 62.Kg2 Ne3+ 63.Kh2 g3+ 64.Kh3 Nf5 65.Bh8
{?} ( 65.Bxh4 Nxh4 66.Nxg3+ Kg6 67.Kg4 {=} ) g2 0-1

[Event "Washington Open Championship"]
[Site "SeaTac City, WA"]
[Date "2012.05.26"]
[Round "1"]
[White "Webb Delmar  (WA)"]
[Black "Lee Nathan  (WA)"]
[Result "0-1"]
[WhiteElo "1748"]
[BlackElo "2103"]
[Annotator ""]
[Source ""]
[Remark "Open"]

1.e4 c5 2.Nc3 Nc6 3.f4 d6 4.Nf3 g6 5.Bc4 Bg7 6.O-O e6 7.d3 Nge7
8.Be3 d5 9.exd5 exd5 10.Nxd5 Nxd5 11.Bxc5 b6 12.Re1+ Nde7 13.Bxe7
Nxe7 14.Qe2 Bf6 15.Qe4 Bd7 16.Ne5 O-O 17.g4 b5 18.Bb3 Qb6+ 19.d4
Bxe5 20.fxe5 Bc6 21.Qd3 Bd5 22.Re3 Rad8 23.c3 Nc6 24.Rf1 Bxb3
25.axb3 Nxd4 26.cxd4 Rxd4 27.Qe2 Rxg4+ 0-1

[Event "Washington Open Championship"]
[Site "SeaTac City, WA"]
[Date "2012.05.27"]
[Round "3"]
[White "Dixon James  (WA)"]
[Black "Varner Murlin  (WA)"]
[Result "0-1"]
[WhiteElo "1407"]
[BlackElo "1500"]
[Annotator ""]
[Source ""]
[Remark "Reserve"]

1.e4 e6 2.d3 d5 3.Nd2 Bc5 4.Ngf3 Ne7 5.g3 O-O 6.Bg2 Nd7 7.O-O
( 7.O-O f5 8.e5 Ng6 9.d4 Be7 10.Re1 b6 11.Nf1 Ba6 12.h4 Bxf1
13.Bxf1 h6 14.h5 Nh8 15.c4 c5 16.cxd5 cxd4 17.dxe6 Nc5 18.Nxd4
Qe8 19.Bxh6 gxh6 20.Bb5 Qd8 21.Nc6 Qc7 22.Nxe7+ Qxe7 23.Qd6 Qxe6
24.Qxe6+ Nxe6 25.Bc4 Rae8 26.Rad1 Re7 27.Rd6 Rfe8 28.g4 fxg4
29.f4 gxf3 30.Rf1 Nf7 31.Rxf3 Nxe5 32.Rg3+ Kf8 33.Bb5 Rd8 34.Rxd8+
Nxd8 35.Kf2 Ndf7 36.Ke3 Nd6 37.Ba4 Nf5+ 38.Kf4 Nxg3 39.Kxg3 Rf7
40.Bb3 Rf3+ 41.Kg2 Ke7 42.Bd5 Rf5 43.Kg3 Kf6 44.Kh4 Ng6+ 45.hxg6
Rxd5 46.b4 Rg5 47.b5 Kxg6 48.a4 Rf5 49.Kh3 Rf4 50.Kg3 Rxa4 {0-1, Jussupow K - Lau Siegfried (GER) 2111, Bad Wiessee (Germany) 1998}
) Ng6 8.Re1 Rb8 9.e5 f6 10.d4 Bb6 {=} 11.Nf1 c5 12.c3 fxe5 13.Bg5
Qc7 14.dxe5 h6 15.Bd2 ( 15.Qc2 ) c4 16.Be3 Bxe3 17.Rxe3 Ndxe5
18.Nd4 Qf7 19.f4 Nd3 20.Rf3 Qe7 $15 ( 20...Nxb2 ) 21.Qe2 e5 22.fxe5
Rxf3 23.Bxf3 Ndxe5 {?} ( 23...Be6 ) 24.Bxd5+ Kh8 25.Bxc4 Bg4
26.Qe3 {?} ( 26.Qc2 Nxc4 27.Qxg6 {=} ) Nxc4 27.Qxe7 Nxe7 28.b3
Ne5 29.Nd2 Rc8 30.Re1 N7g6 31.Re3 Nc6 32.Nxc6 Rxc6 33.Kg2 Rd6
34.Nc4 Re6 35.Rxe6 Bxe6 36.Nd6 Ne5 37.c4 b6 38.Kf2 Nd3+ 39.Ke3
Nc1 40.Nb5 Nxa2 41.Nxa7 Nc1 42.b4 Bxc4 43.b5 Nb3 44.Nc8 Bxb5
45.Nxb6 g5 46.Nd5 Kg7 47.Nc3 Bd7 48.Nd5 Nc5 49.Kd4 Nb3+ 50.Ke5
Nd2 51.h4 g4 52.Nf4 Nf3+ 53.Kd6 Be8 54.Ne6+ Kf6 55.Nf4 Bf7 56.Kc5
Nd2 57.Kd4 Nf1 58.Ne2 Bb3 59.Kc3 Bd1 0-1

[Event "Washington Open Championship"]
[Site "SeaTac City, WA"]
[Date "2012.05.26"]
[Round "2"]
[White "Rozenfeld Yevgeniy  (WA)"]
[Black "Webb Delmar  (WA)"]
[Result "1-0"]
[WhiteElo "1992"]
[BlackElo "1748"]
[Annotator ""]
[Source ""]
[Remark "Open"]

1.e4 Nf6 2.Nc3 d5 3.e5 d4 4.exf6 dxc3 5.fxe7 cxd2+ 6.Bxd2 Bxe7
7.Qf3 O-O 8.O-O-O Nc6 9.Bc3 Bd6 10.h4 Be6 ( 10...Be6 11.Kb1 Qd7
12.Bd3 Rfe8 13.Qh5 f5 14.Nh3 h6 15.g4 fxg4 16.Ng5 hxg5 17.hxg5
Re7 18.Qh8+ Kf7 19.g6# {1-0, Leszner Mariusz (POL) 2172 - Bielinski Leszek (POL) 2121, Warsaw (Poland) 1987}
) 11.Bd3 Qc8 12.Nh3 Bg4 13.Qe4 g6 14.f3 Bf5 15.Qe3 Re8 16.Qh6
Bf8 17.Qg5 Be7 18.Qd2 Rd8 19.h5 Bxd3 20.cxd3 Qf5 21.hxg6 fxg6
22.Qh6 Bf8 23.Qxh7+ 1-0

[Event "Washington Open Championship"]
[Site "SeaTac City, WA"]
[Date "2012.05.26"]
[Round "2"]
[White "Buzek Jan  (WA)"]
[Black "Ruddell Craig  (WA)"]
[Result "0-1"]
[WhiteElo "1621"]
[BlackElo "1570"]
[Annotator ""]
[Source ""]
[Remark "Reserve"]

1.e4 c6 2.d4 d5 3.exd5 cxd5 4.Bd3 Nc6 5.c3 Nf6 6.Bf4 Bg4 7.Nf3
e6 8.Nbd2 Bd6 9.Bg3 O-O 10.O-O Bxg3 11.fxg3 Qb6 ( 11...Rc8 12.Qc2
Nb4 13.Qb1 Nxd3 14.Qxd3 Bf5 15.Qe2 h6 16.Nb3 Ne4 17.Nfd2 b6 18.Nxe4
Bxe4 19.Nd2 Bg6 20.Nf3 Qc7 21.g4 Qc4 22.Qxc4 dxc4 23.g5 hxg5
24.Nxg5 {0-1, Zaitsev Dmitry A (RUS) 2241 - Denisov Aleksei, Sukhumi (Georgia) 2006.08.06}
) 12.Qb3 Qxb3 13.axb3 a6 14.b4 Nd7 15.Rf2 e5 16.dxe5 Ncxe5 17.Nxe5
Nxe5 18.Bf5 g6 19.Bxg4 Nxg4 20.Rf4 f5 21.Rd4 Nf6 22.Nf3 Rfe8
23.Re1 Re4 24.Kf2 Rae8 25.Rdd1 Ng4+ 26.Kg1 Rxe1+ 27.Rxe1 Rxe1+
28.Nxe1 Ne3 29.Nd3 Kf7 30.h3 Ke7 31.Kf2 Nc4 32.b3 Nd2 33.Nc5
Ne4+ 34.Ke3 Nxc3 35.Nxb7 Na2 36.Kd4 Nxb4 37.Kc5 Nc2 38.Kxd5 Ne3+
39.Kd4 Nxg2 40.Ke5 Ne1 41.Nc5 Nf3+ 42.Kf4 Nd4 43.b4 {??}
( 43.Ke3 ) Ne6+ 44.Ke5 Nxc5 45.bxc5 Kd7 46.Kd5 Kc7 47.c6 a5 48.Kc5
a4 49.Kb4 Kxc6 50.Kxa4 Kd5 51.Kb4 Ke4 52.Kc3 Kf3 53.Kd3 Kxg3
54.Ke2 Kg2 55.Ke3 g5 56.h4 f4+ 57.Ke2 f3+ 0-1

[Event "Washington Open Championship"]
[Site "SeaTac City, WA"]
[Date "2012.05.26"]
[Round "2"]
[White "Sinanan Joshua  (WA)"]
[Black "Lee Megan  (WA)"]
[Result "1-0"]
[WhiteElo "2288"]
[BlackElo "2117"]
[Annotator ""]
[Source ""]
[Remark "Open"]

1.d4 d5 2.c4 c6 3.Nc3 Nf6 4.Nf3 dxc4 5.a4 Bf5 6.e3 e6 7.Bxc4
Bb4 8.O-O Nbd7 9.Qe2 Bg6 10.Rd1 a5 11.Ne1 O-O 12.Nd3 Nb6
( 12...Qe7 13.f3 Bxd3 14.Bxd3 e5 15.dxe5 Nxe5 16.Bc2 Rfd8 17.e4
Rxd1+ 18.Nxd1 Rd8 19.Ne3 g6 20.Nf1 Qc5+ 21.Be3 Qc4 22.Bd1 Nd3
23.Nd2 Qe6 24.Bb3 Qe7 25.Nc4 Bc5 26.Rd1 Nf4 27.Rxd8+ Qxd8 28.Qe1
Nd3 29.Qd2 Bxe3+ 30.Nxe3 Qd7 31.Qc3 Qd6 32.Bc2 Ne5 33.Qxa5 Qd4
34.Qc3 Qxc3 35.bxc3 Ned7 36.Kf2 Nc5 37.Nc4 Nfd7 38.Ke3 Kf8 39.f4
Ke7 40.g4 f6 41.h4 h6 42.e5 g5 43.exf6+ Nxf6 44.fxg5 hxg5 45.hxg5
Nd5+ 46.Kd2 Nxa4 47.Bxa4 b5 48.Bb3 bxc4 49.Bxc4 Nb6 50.Bb3 c5
51.Ke3 Kf8 52.g6 Kg7 53.Bf7 Na4 54.c4 Kf6 55.Kf3 Nc3 56.Be8 Nd1
57.Kf4 Nb2 58.Bf7 Na4 59.Kg3 Nb2 60.Kh4 Nd3 61.Kh5 {1-0, Bjerring Kai (DEN) 2298 - Bang Andreas (DEN) 2287, Copenhagen (Denmark) 1991}
) 13.Bb3 Qe7 14.Na2 Bd6 15.Bd2 Rfd8 16.Be1 Nfd7 17.Rac1 e5 18.dxe5
Nxe5 19.Nf4 Bf5 20.h3 Bd7 21.Nc3 Ng6 22.Nh5 Be6 23.Bc2 Bc4 24.Qg4
Be6 25.Qe2 Bc4 26.Qf3 f6 27.Rd4 Bf7 28.Ng3 Ne5 29.Qe2 Bg6 30.Nf5
Bxf5 31.Bxf5 Bb4 32.Rcd1 g6 33.Bc2 Kg7 34.Bb3 Rxd4 35.exd4 Ned7
36.Qf3 Re8 37.Bd2 Bd6 38.Kf1 Qf8 39.g4 Nc8 40.h4 Bc7 41.h5 h6
{?} 42.hxg6 Nd6 43.Qh3 Qh8 44.g5 f5 45.gxh6+ Kxg6 46.Bf4 1-0

[Event "Washington Open Championship"]
[Site "SeaTac City, WA"]
[Date "2012.05.26"]
[Round "2"]
[White "Wang Michael  (WA)"]
[Black "Esler Brian  (OR)"]
[Result "1-0"]
[WhiteElo "2128"]
[BlackElo "2006"]
[Annotator ""]
[Source ""]
[Remark "Open"]

1.c4 Nf6 2.g3 g6 3.Bg2 Bg7 4.Nc3 O-O 5.e3 d6 6.Nge2 Nc6 7.O-O
a6 8.Rb1 e5 ( 8...h5 9.d4 Bd7 10.a4 Qc8 11.b4 Bh3 12.Qc2 Bxg2
13.Kxg2 a5 14.bxa5 Nxa5 15.Nb5 c6 16.Na3 d5 17.c5 Nd7 18.Bd2
e5 19.Bc3 exd4 20.Bxd4 Re8 21.Rfd1 Re7 22.Rb4 Nf8 23.Bxg7 Kxg7
24.Nc3 f5 25.Ne2 Nd7 26.Qc3+ Kh7 27.Nf4 Qh8 28.Qc2 Ne5 29.Rdb1
Qg7 30.Qb2 Rd8 31.Qd2 Rdd7 32.Nc2 Nac4 33.Qe2 Kh6 34.Nd4 Qf7
35.h3 g5 36.Nxh5 Qxh5 37.Nxf5+ Kg6 38.Nxe7+ Rxe7 39.Qxh5+ Kxh5
40.Rxb7 Rxb7 41.Rxb7 Na5 42.Ra7 Nec4 43.Kf3 Nb3 44.Rc7 Nca5 45.Ra7
Nc4 46.Ke2 Nxc5 47.a5 Nd6 48.a6 Nb5 49.Rh7+ {1-0, Budnikov Oleg (UKR) 2331 - Pinter Erik (SVK) 2163, Yerevan (Armenia) 1999}
) 9.b4 Bf5 10.d3 Qc8 11.b5 axb5 12.Rxb5 Bh3 13.e4 Nd4 14.Rb2
Bxg2 15.Kxg2 Ne6 16.Nd5 Nxd5 17.cxd5 Nc5 18.Be3 b6 19.Bxc5 bxc5
20.Qc2 Ra3 21.Nc3 Qa6 22.Nb5 Ra5 23.Nxc7 Qc8 24.Nb5 Qd7 25.a4
f5 26.Nc3 f4 27.f3 h5 28.Qe2 g5 29.g4 hxg4 30.fxg4 f3+ 31.Rxf3
Qxg4+ 32.Rg3 Qf4 33.Qe1 Raa8 34.Rf2 Qh4 35.Rxf8+ Rxf8 36.Nb5
Rf6 37.Qe2 Qf4 38.a5 Qc1 39.a6 Qa1 40.a7 Bh6 41.Rf3 1-0

[Event "Washington Open Championship"]
[Site "SeaTac City, WA"]
[Date "2012.05.26"]
[Round "2"]
[White "Roper David  (WA)"]
[Black "Vrana Rudy  (WA)"]
[Result "1/2-1/2"]
[WhiteElo "2360"]
[BlackElo "2107"]
[Annotator ""]
[Source ""]
[Remark "Open"]

1.e4 c5 2.Nf3 Nc6 3.d4 cxd4 4.Nxd4 g6 5.c4 Bg7 6.Be3 Nf6 7.Nc3
d6 8.Be2 Bd7 9.Rc1 O-O 10.O-O Nxd4 11.Bxd4 Bc6 12.f3 Nd7 13.Be3
a5 14.Qd2 a4 15.Rfd1 Nc5 16.Bf1 Re8 17.Rc2 ( 17.Qf2 Qb6 18.Rc2
a3 19.b3 Qa5 20.Nd5 Bxd5 21.cxd5 Rec8 22.Bd2 Qd8 23.Bc4 b5 24.Bxb5
Nxb3 25.Rxc8 Rxc8 26.Be3 Qa5 27.Bd7 Rb8 28.Rb1 Qc7 29.Bc6 Nc5
30.Qf1 Rb2 31.Qd1 Qb6 32.Ra1 Qb4 33.Kh1 Qc3 34.Bc1 Rb8 {0-1, Bednay Bence (HUN) 2250 - Harila Per (SWE) 2144, Budapest (Hungary) 2005.04.09}
) Qa5 18.Rdc1 Na6 19.Qf2 Nb4 20.Rd2 a3 21.Bd4 Bxd4 22.Qxd4 axb2
23.Rxb2 Qc5 24.Qxc5 dxc5 25.Nd5 Rxa2 26.Rxa2 Nxa2 27.Rc2 Nb4 1/2-1/2

[Event "Washington Open Championship"]
[Site "SeaTac City, WA"]
[Date "2012.05.26"]
[Round "1"]
[White "Mellott Michael  (WA)"]
[Black "Bashkansky Naomi  (WA)"]
[Result "0-1"]
[WhiteElo "1181"]
[BlackElo "1508"]
[Annotator ""]
[Source ""]
[Remark "Reserve"]

1.Nf3 d5 2.c4 e6 3.d4 c5 4.e3 Nc6 5.cxd5 exd5 6.Bb5 Nf6 7.O-O
Bd6 8.Qa4 Bd7 9.dxc5 Bxc5 10.Qc2 Qb6 11.Bxc6 Bxc6 12.Ne5 Bb5
13.Rd1 Rd8 14.Nc3 O-O 15.Nxb5 Qxb5 16.b3 d4 17.exd4 Bxd4 18.a4
Qxe5 19.Rb1 Ng4 20.Rf1 Qxh2# 0-1

[Event "Washington Open Championship"]
[Site "SeaTac City, WA"]
[Date "2012.05.26"]
[Round "2"]
[White "Bashkansky Naomi  (WA)"]
[Black "Dhingra Sangeeta  (WA)"]
[Result "1/2-1/2"]
[WhiteElo "1508"]
[BlackElo "1630"]
[Annotator ""]
[Source ""]
[Remark "Reserve"]

1.d4 Nf6 2.e3 e6 3.Bd3 d5 4.Nd2 Nbd7 5.f4 b6 6.Ngf3 Bb7 7.Ne5
Be7 8.O-O O-O 9.Rf3 Ne4 10.Rh3 f5 11.Nxd7 Qxd7 12.Nf3 Qe8 13.Ne5
c5 14.c3 c4 15.Bxe4 fxe4 16.g4 Bd6 17.Rh5 g6 18.Rh6 Rf6 19.Qe1
Rf7 20.Qh4 Qe7 21.Qg3 Bc6 22.h4 1/2-1/2

[Event "Washington Open Championship"]
[Site "SeaTac City, WA"]
[Date "2012.05.26"]
[Round "2"]
[White "Porish Andrew  (WA)"]
[Black "Ramesh Jotthi  (WA)"]
[Result "0-1"]
[WhiteElo "1623"]
[BlackElo "1527"]
[Annotator ""]
[Source ""]
[Remark "Reserve"]

1.b3 b6 2.Bb2 Bb7 3.e3 d6 4.Nf3 e5 5.Be2 Be7 6.c4 Nf6 7.d4 exd4
8.Nxd4 Bxg2 9.Rg1 Be4 10.Rxg7 Bg6 11.Bf3 d5 12.cxd5 Bd6 13.Nb5
Kf8 14.Rxg6 hxg6 15.Qd4 Nbd7 16.Bg4 Be5 17.Qb4+ Kg8 18.N1c3 Nxg4
19.Qxg4 Rxh2 20.f4 Rxb2 21.fxe5 Nxe5 22.Qe4 Nd3+ 0-1

[Event "Washington Open Championship"]
[Site "SeaTac City, WA"]
[Date "2012.05.26"]
[Round "2"]
[White "Campbell Tim  (WA)"]
[Black "Hosford Michael (WA)"]
[Result "0-1"]
[WhiteElo "1730"]
[BlackElo "1840"]
[Annotator ""]
[Source ""]
[Remark "Premier"]

1.e4 Nc6 2.Nf3 d6 3.d4 Nf6 4.Bd3 Bg4 5.c3 e5 6.Be3 Be7 7.Nbd2
O-O 8.h3 Bh5 9.Qc2 exd4 10.Nxd4 Bg6 11.f4 h5 12.N2f3 Nxd4 13.cxd4
d5 14.f5 dxe4 15.Bxe4 Nxe4 16.Qxe4 Bb4+ 17.Ke2 Bh7 18.g4 Qd7
19.Rac1 Qb5+ 20.Qd3 Qxd3+ 21.Kxd3 Bd6 22.d5 Rfe8 23.Rhe1 Bg3
24.Re2 Rad8 25.Kd4 c6 26.Rc5 Bc7 27.Kc3 Bb6 28.b4 {%02'time'} 0-1

[Event "Washington Open Championship"]
[Site "SeaTac City, WA"]
[Date "2012.05.26"]
[Round "2"]
[White "Xing Casey  (WA)"]
[Black "Ummel Igor  (WA)"]
[Result "1/2-1/2"]
[WhiteElo "1784"]
[BlackElo "2021"]
[Annotator ""]
[Source ""]
[Remark "Open"]

1.d4 c5 2.e3 cxd4 3.exd4 d5 4.Bd3 Nc6 5.c3 Qc7 6.Ne2 Bg4 7.O-O
e6 8.h3 Bh5 9.Be3 Bd6 10.f4 Nge7 11.Qc2 Bg6 12.Bxg6 hxg6 13.Nd2
Nf5 14.Qd3 O-O-O 15.Nf3 Kb8 16.Bd2 f6 17.b4 Rc8 18.a4 Nd8 19.Rfe1
Qc4 20.Qxc4 Rxc4 21.a5 Re8 22.g4 Ne7 23.Nc1 b6 24.axb6 axb6 25.Nd3
Nc8 26.Kg2 Bf8 27.Nh4 Nd6 28.Nf2 g5 29.fxg5 e5 30.dxe5 fxe5 31.Nf5
Rc6 32.Nxd6 Bxd6 33.Rad1 Ne6 1/2-1/2

[Event "Washington Open Championship"]
[Site "SeaTac City, WA"]
[Date "2012.05.27"]
[Round "4"]
[White "Varner Murlin  (WA)"]
[Black "Wheaton John  (WA)"]
[Result "1-0"]
[WhiteElo "1500"]
[BlackElo "1465"]
[Annotator ""]
[Source ""]
[Remark "Reserve"]

1.c4 Nf6 2.g3 g6 3.Bg2 c6 4.Nf3 Bg7 5.O-O O-O 6.d4 d5 7.cxd5
cxd5 8.Bf4 Nbd7 {%08DA} 9.Nc3 a6 10.Qd2 Re8 ( 10...Re8 11.Ne5
e6 12.Nxd7 Bxd7 13.Rfc1 Bc6 14.Be5 Ne4 15.Nxe4 dxe4 16.Bxg7 Kxg7
17.e3 Rc8 18.Rc3 Qd7 19.Qc2 f5 20.Rc1 Rcd8 21.Bf1 Kh6 22.Bxa6
Ba4 23.b3 Bxb3 24.Qxb3 bxa6 25.Rc7 Qd5 26.Qxd5 Rxd5 27.R1c5 Red8
28.Rxd5 Rxd5 29.Rc5 Kg5 30.h3 Rxc5 31.dxc5 Kf6 32.c6 Ke7 33.c7
Kd7 34.g4 Kxc7 35.gxf5 exf5 36.Kg2 Kb6 37.f3 exf3+ 38.Kxf3 Kb5
39.e4 fxe4+ 40.Kxe4 {0-1, Rasch Wolfgang 1665 - Theobald Heiko (GER) 2059, Pfalz (Germany) 1999}
) 11.Rac1 b5 {?} 12.Nxb5 {!} e5 13.dxe5 Nh5 {?} ( 13...axb5 14.exf6
Nxf6 15.a3 ) 14.Nc7 Rb8 15.Nxe8 Qxe8 16.e6 Rxb2 17.exd7 Bxd7
18.Qxd5 Be6 19.Qc6 Qe7 20.Bd6 Qd8 21.Bc7 Qe7 22.Rfd1 h6 23.Be5
Bxe5 24.Nxe5 Rxe2 25.Qa8+ Kg7 26.Re1 Rxa2 27.Nf3 Qf6 28.Qc6 Qf5
29.Qc3+ Kh7 30.Ra1 Rc2 31.Qe5 Qd3 32.Nd4 Rb2 33.Nxe6 Qc2 34.Rf1
fxe6 35.Qxe6 ( 35.Rad1 Qc8 36.Qxb2 ) Ng7 36.Qxa6 h5 37.Rae1 Nf5
38.Be4 Qc5 39.Bxf5 Qxf5 40.Qa7+ Kh6 41.Qe3+ Kh7 42.Qf4 Qc5 43.Rc1
( 43.Qf7+ Kh6 44.Re6 Qg5 45.Qf8+ Kh7 46.Re8 Qe5 47.Rxe5 Rb7 48.Re8
g5 49.Qg8+ Kh6 50.Re6# ) Rc2 44.Rxc2 Qxc2 45.Rc1 1-0

[Event "Washington Open Championship"]
[Site "SeaTac City, WA"]
[Date "2012.05.27"]
[Round "3"]
[White "Feng Roland  (WA)"]
[Black "Raptis Nick  (OR)"]
[Result "1/2-1/2"]
[WhiteElo "2113"]
[BlackElo "2200"]
[Annotator ""]
[Source ""]
[Remark "Open"]

1.d4 Nf6 2.c4 g6 3.Nc3 Bg7 4.Bg5 c5 5.e3 h6 6.Bh4 O-O 7.Be2 d6
8.Nf3 Bf5 9.O-O Nbd7 10.Rc1 g5 11.Bg3 Qb6 12.b3 a6 13.h3 Rfe8 1/2-1/2

[Event "Washington Open Championship"]
[Site "SeaTac City, WA"]
[Date "2012.05.27"]
[Round "1"]
[White "Hendricks David  (WA)"]
[Black "Kiiru Joseph  (WA)"]
[Result "1-0"]
[WhiteElo "1615"]
[BlackElo "1832"]
[Annotator ""]
[Source ""]
[Remark "Premier"]

1.d4 d5 2.Bf4 Nf6 3.e3 c5 4.Nd2 Nc6 5.Ngf3 cxd4 6.exd4 Bf5 7.Nb3
e6 8.Bb5 Bd6 9.Ne5 Rc8 10.Bg3 O-O 11.c3 a6 12.Bd3 Be4 13.f3 Bxd3
14.Qxd3 b5 15.O-O Ne7 16.Bh4 Nf5 17.Bxf6 Qxf6 18.f4 Rfd8 19.Rf3
Nh4 20.Rh3 Bxe5 21.fxe5 Qg6 22.Qe2 Nf5 23.Rf1 Rc4 24.Rf4 Nh6
25.Nd2 Rc6 26.Nf1 b4 27.Rg3 Qb1 28.Qh5 Nf5 {?} ( 28...Kh8 ) 29.Qg5
( 29.Rxg7+ Kxg7 ( 29...Nxg7 30.Qxf7+ Kh8 31.Qf8+ Rxf8 32.Rxf8# )
30.Qg5+ Kf8 31.Qxd8+ Kg7 32.Rg4+ Kh6 33.Qg5# ) f6 30.exf6 Rd7
31.fxg7 Rc8 32.Qf6 Qe1 33.Rxf5 exf5 34.Re3 Rf7 35.Qe6 1-0

[Event "Washington Open Championship"]
[Site "SeaTac City, WA"]
[Date "2012.05.27"]
[Round "3"]
[White "Hendricks David  (WA)"]
[Black "Mathews Dan  (WA)"]
[Result "1/2-1/2"]
[WhiteElo "1615"]
[BlackElo "1794"]
[Annotator ""]
[Source ""]
[Remark "Premier"]

1.d4 d5 2.Bf4 Bf5 3.e3 Nf6 4.c4 e6 5.Qb3 b6 6.Nf3 Bd6 7.Ne5 O-O
8.Nc3 c6 9.Be2 Ne4 10.Nxe4 Bxe4 11.f3 dxc4 12.Bxc4 Bxe5 13.Bxe5
Bd5 14.e4 Bxc4 15.Qxc4 b5 16.Qc5 Qg5 17.O-O Qe3+ 18.Kh1 Nd7 19.Qxc6
Nxe5 20.dxe5 Rfc8 21.Qxb5 Rab8 22.Qd7 Rd8 23.Qc7 Rdc8 24.Qd7
Rd8 1/2-1/2